Word Ladder: Beyoncé Quiz Stats

Quiz Updated Jan 26, 2015

Challenge
Share
Tweet
Embed
Score 0/18 Timer 02:00
0 Plays Today
Hint 4-Letter Word % Correct
Beyoncé song '_____ on Top', or zero in tennis●LOVE●
95.8%
Dryer fuzzLINT
85.5%
Real-timeLIVE
85.5%
Shortest distance between two pointsLINE
85.3%
One in _____ (20%)FIVE
85%
Bad way to finishLAST
83.5%
Hunky-doryFINE
82.9%
Grocery shopper's aidLIST
82.4%
Tortoise racerHARE
81.9%
Hint 4-Letter Word % Correct
Price of a rideFARE
81.3%
A town or city with a harborPORT
80.1%
Historian's interestPAST
79.8%
Something to fill outFORM
79.5%
Place with animalsFARM
79.3%
Stronghold or siege siteFORT
77.1%
Some but not allPART
76.7%
Beyoncé song or angelic topper ●HALO●
75.4%
Fit and heartyHALE
69.8%

Today's Daily Dose

You're not logged in!

Compare scores with friends on all Sporcle quizzes.
Sign Up with Email
OR
Log In

You Might Also Like...

Show Comments

Extras

Top Quizzes Today


Score Distribution

Your Account Isn't Verified!

In order to create a playlist on Sporcle, you need to verify the email address you used during registration. Go to your Sporcle Settings to finish the process.